Statistiche per Voivodati della Polonia su una Mappa

Clicka qui per fare il quiz!

Statistiche generali

  • Questo quiz è stato fatto 9 volte
  • Il punteggio medio è 9 su 16

Risposte nella Mappa

Le risposte nella mappa del quiz sottostante sono codificate secondo una scala di colori dal rosso al verde in base alla % di persone che hanno risposto correttamente.
 

Statistiche sulle risposte

Risposta% Corretto
Łódź
86%
Pomerania
71%
Bassa Slesia
57%
Cuiavia-Pomerania
57%
Lublino
57%
Masovia
57%
Piccola Polonia
57%
Pomerania Occidentale
57%
Precarpazia
57%
Santacroce
57%
Grande Polonia
43%
Lubusz
43%
Opole
43%
Podlachia
43%
Slesia
43%
Varmia-Masuria
43%

Distribuzione punteggi

Percentile per numero di risposta

Percentuale di utenti per punteggio

I tuoi punteggi nel tempo

Non hai fatto questo quiz